00493nam a2200121Ia 4500008004100000245018100041260004500222260000900267300000900276500001000285650001300295856006300308170516s9999 xx 000 0 und d aValidation and application of Vierordt's spectrophotometric method for simultaneous estimation of tamoxifen/coenzyme Q10 in their binary mixture and pharmaceutical dosage forms bAsian Journal of Pharmaceutical Sciences c2016 a11:2 aApril xPharmacy uhttp://www.sciencedirect.com/science/journal/18180876/11/2